00659nam a22001937a 4500999001900000005001700019010001500036020002700051035001400078037000900092082001200101245009800113260004200211270002200253300002100275700001700296942002600313952012600339 c185565d18556520220204111512.0 aENG-131401 a9789195398645c2500.00 aEN-114933 bDBAD a631.581 aSuccess Stories:bA Journey of Stakehholders in Protected Cultivation/cEdited by Naved Sabir aNew DelhibPentimer Publicationc2021 bNew Delhie110044 a176p.c25cm(hbk) aSabir, Naved 2ddccENh631.581mSUC 001040708NFICaZLSbZLSd2022-02-04eDBAD/PUBg2500.00l0o631.581 SUCpEN-114933r2022-02-04 00:00:00t1v2500.00yEN